| 000 | 01155nam a2200193 a 4500 | ||
|---|---|---|---|
| 008 | 201116s2014 ||||||||||||||||| || u | ||
| 020 | _a9780748743148 | ||
| 050 | _aQC 23.2 Bre | ||
| 100 | _aBreithaupt, Jim | ||
| 245 | 1 | 0 |
_aNew understanding physics for advanced level(4th edition) _cBy Jim Breithaupt |
| 250 | _a4th edition | ||
| 260 |
_aOxford _bOxford University Press _c2014 |
||
| 300 | _aix, 727 pages: illustrations | ||
| 350 | _a152.94 | ||
| 995 |
_aMEDICAL LIBRARY OPEN ACCESS _e905188 _FCBU-SCHOOL OF MEDICINE LIBRARY (Ndola) _I152.94 _jQC 23.2 Bre _M2 _UAVAILABLE _WNov 17, 2020 _y905188 _ZMedical Library Open Access Collection |
||
| 995 |
_aMAIN LIBRARY OPEN ACCESS _e750605 _FCBU-MAIN LIBRARY (Kitwe) _I152.94 _jQC 23.2 Bre _M3 _UAVAILABLE _WDec 7, 2020 _y750605 _ZMain Library Open Access Collection |
||
| 995 |
_aMAIN LIBRARY OPEN ACCESS _e750606 _FCBU-MAIN LIBRARY (Kitwe) _I152.94 _jQC 23.2 Bre _M4 _UAVAILABLE _WDec 7, 2020 _y750606 _ZMain Library Open Access Collection |
||
| 995 |
_aMEDICAL LIBRARY OPEN ACCESS _e905187 _FCBU-SCHOOL OF MEDICINE LIBRARY (Ndola) _I152.94 _jQC 23.2 Bre _M1 _UAVAILABLE _WNov 17, 2020 _y905187 _ZMedical Library Open Access Collection |
||
| 999 |
_c78797 _d78797 |
||